[Event "DSOL 06 Liga Gr-C 1st"]
[Site "Playchess.com INT"]
[Date "2020.08.07"]
[Round "7.3"]
[White "Hagen, Simon"]
[Black "Pellegrini, Thomas"]
[Result "0-1"]
[WhiteElo "1081"]
[BlackElo "1610"]
[PlyCount "124"]
[EventDate "2020.06.22"]
[EventType "team-tourn (rapid)"]
[EventCountry "GER"]
[SourceTitle "EXT 2021"]
[Source "ChessBase"]
[SourceDate "2020.10.23"]
[SourceVersion "1"]
[SourceVersionDate "2020.10.23"]
[SourceQuality "1"]
[WhiteTeam "Welzheim"]
[BlackTeam "Vohwinkel"]
[WhiteTeamCountry "GER"]
[BlackTeamCountry "GER"]

1. e3 g6 2. d4 Bg7 3. Nf3 d6 4. Bc4 e6 5. e4 h6 6. Nc3 Ne7 7. Bf4 0-0 8. 0-0 a6 9. a4 b6 10. Qd2 Kh7 11. Rfe1 Bb7 12. Rad1 Nd7 13. e5 Bxf3 14. exd6 cxd6 15. gxf3 d5 16. Bd3 Nf5 17. Bxf5 gxf5 18. Kh1 Qh4 19. Rg1 Rg8 20. Rg2 Qh5 21. Qe3 Bf6 22. Rxg8 Rxg8 23. Rg1 Bxd4 24. Qe2 Qh4 25. Be3 Be5 26. f4 Bxf4 27. Bxf4 Qxf4 28. Rxg8 Kxg8 29. Kg1 Ne5 30. Nd1 Nf3+ 31. Kf1 Nxh2+ 32. Kg1 Qg4+ 33. Qxg4+ Nxg4 34. Nc3 Ne5 35. Ne2 Kg7 36. Nf4 Kf6 37. Nh5+ Kg5 38. Ng7 Nc4 39. b3 Nd6 40. b4 Kg6 41. b5 axb5 42. axb5 Kxg7 43. Kg2 Nxb5 44. Kf3 Kf6 45. Kf4 e5+ 46. Kf3 Nd4+ 47. Ke3 Nxc2+ 48. Kf3 b5 49. Ke2 Kg5 50. Kd2 Nd4 51. Kd3 b4 52. Kd2 Kf4 53. Kd1 Kf3 54. Ke1 b3 55. Kd2 Kxf2 56. Kc3 h5 57. Kd2 h4 58. Kd3 h3 59. Kd2 h2 60. Kd3 h1Q 61. Kd2 Qe1+ 62. Kd3 Qe3# 0-1

[Event "DSOL 06 Liga Gr-C 1st"]
[Site "Playchess.com INT"]
[Date "2020.06.25"]
[Round "1.4"]
[White "Thiesen, Benedikt Momme"]
[Black "Pellegrini, Thomas"]
[Result "0-1"]
[WhiteElo "1262"]
[BlackElo "1610"]
[PlyCount "100"]
[EventDate "2020.06.22"]
[EventType "team-tourn (rapid)"]
[EventCountry "GER"]
[SourceTitle "EXT 2021"]
[Source "ChessBase"]
[SourceDate "2020.10.23"]
[SourceVersion "1"]
[SourceVersionDate "2020.10.23"]
[SourceQuality "1"]
[WhiteTeam "Norderstedt III"]
[BlackTeam "Vohwinkel"]
[WhiteTeamCountry "GER"]
[BlackTeamCountry "GER"]

1. e4 d6 2. Nf3 g6 3. Nc3 Bg7 4. Bc4 e6 5. d4 h6 6. Bd2 Ne7 7. 0-0 0-0 8. Bf4 a6 9. a4 b6 10. b4 Nd7 11. e5 d5 12. Bd3 c5 13. bxc5 bxc5 14. dxc5 Nxc5 15. Be2 Kh7 16. g4 Bd7 17. g5 h5 18. Qd4 Qc7 19. Rfe1 Nf5 20. Qb4 Rfb8 21. Qa3 Bf8 22. Qa2 d4 23. Nd1 Nxa4 24. Bc4 Rb4 25. Bb3 Nc3 26. Qb2 Ba4 27. Nxc3 dxc3 28. Qa2 Bxb3 29. cxb3 Rxf4 30. Kg2 Qc6 31. Qe2 Nd4 32. Qe3 Qxf3+ 33. Qxf3 Rxf3 34. Re3 Rxe3 35. fxe3 Nb5 36. Rf1 Kg7 37. Rc1 Rd8 38. Kf3 Rd2 39. e4 Bb4 40. Ke3 Rxh2 41. Kd3 Ba3 42. Rc2 Rxc2 43. Kxc2 Bb2 44. b4 h4 45. Kd1 h3 46. Ke2 h2 47. Kf2 h1Q 48. Ke2 c2 49. Kd2 c1Q+ 50. Kd3 Qhd1# 0-1